00854nam a2200241Ia 4500001000600000003000900006008004100015040001300056040001300069041001300082100002600095100002900121245004800150245004000198250001100238260001100249260001000260260004900270300005800319500016900377650003500546650003100581 9719IT-RoPAU130308s9999 xx 000 0 und d aIT-RoPAU cIT-RoPAU aSPAGNOLO aLazarsfeld Paul Felix gCodice Aut. SPICS: 4802 aOpinion publica y la tradicion clasica (La) bMedios de comunicacion Social (Los) a1a ed. aMEXICO bRoble c1969 [1° Ed.:1969 - Ed.Ling.Originale:1966] a"17 p. (prefazione: no ; testo: 17 [pagine: 85-101])" aOpinione Pubblica e Tradizione Classica verifica Empirica delle Idee Classiche Opinione Pubblica e Politica del Governo Necessità di una sintesi classico Empirica aSAGGI DI COMUNICAZIONE SOCIALE eCodice materia Spics: 3807